Aasian eniten kasvaneet väestöt - Statistics

Yleistilastot
  • Tätä visaa on pelattu 389 kertaa
  • Keskiarvotulos 9 / 10
Vastaustilastot
Kasvu Valtio % Oikein
414 milj. Intia
99%
153 milj. Kiina
99%
70,9 milj. Indonesia
91%
102 milj. Pakistan
89%
26,4 milj. Iran
87%
42,1 milj. Bangladesh
83%
24,8 milj. Vietnam
82%
38,0 milj. Filippiinit
80%
22,9 milj. Irak
79%
23,5 milj. Afganistan
63%
Ehtoja vastaavia visoja ei löytynyt
Tulosjakauma
Jokaisen tuloksen saaneiden osuus
Persentiili vastausten määrän mukaan
Tuloshistoriasi
Et ole pelannut tätä visaa